000 00895nas a2200277 4500
001 BR9904852
003 BR-BrBNA
005 20231205101611.0
007 ta
008 230509b bl.|||p| |||| 00| 00por d
040 _aBR-BrBNA
_bpor
_cBiblioteca Nacional de Agricultura
041 _a(Pt)
072 _aF02
100 1 _aSpera, M.R.N.
100 1 _aPasqual, M.
100 1 _aMaciel, A.L.R.
100 1 _aSalvador, E.D.
245 1 _aEfeito de diferentes concentracoes de cinetina e 2,4D sobre a inducao de calos provenientes de raizes de Jatropha podagrica Hook in vitro
650 _aJatrofa
650 _aMicropropagacao
650 _aRegulador de Crescimento
650 _aCultura in Vitro
773 0 _tCiencia e Agrotecnologia (Brazil)
_xISSN 1413-7054
_g(Jul-Set 1997), v. 21(3) p. 386-389
_wBR9904852
909 _a202311
_bLúcia
_c55
_dLúcia Elande
942 _2AGRIS
_n0
_cANA
999 _c162777
_d162777